The theory of electron-atom collisions /

Bibliographic Details
Main Author: Drukarev, Grigoriĭ Filippovich
Format: Book
Language:English
Russian
Published: London, New York : Academic Press, 1965.
Subjects:

MARC

Tag First Indicator Second Indicator Subfields
LEADER 00000cam a2200000 4500
001 in00000039905
005 20151007070424.0
008 740412s1965 enka b 00010 eng u
010 |a  65014293  
035 |a (OCoLC)00855095 
035 |9 AAE3985AM 
040 |c NED  |d TXA  |d UtOrBLW 
041 1 |a eng  |a rus 
049 |a TXAM  |c [456860] 
050 0 |a QC794  |b .D713 
082 0 |a 539.7211 
092 |a 539.7211  |b D794t, 1965 
100 1 |a Drukarev, Grigoriĭ Filippovich. 
245 1 4 |a The theory of electron-atom collisions /  |c by G. F. Drukarev. Translated from the Russian by S. Chomet. Translation edited by J. B. Hasted. 
264 1 |a London,  |a New York :  |b Academic Press,  |c 1965. 
300 |a xi, 161 pages :  |b illustrations ;  |c 24 cm. 
336 |a text  |b txt  |2 rdacontent 
337 |a unmediated  |b n  |2 rdamedia 
338 |a volume  |b nc  |2 rdacarrier 
504 |a Bibliography: pages 159-161. 
650 0 |a Collisions (Nuclear physics) 
650 0 |a Electrons  |x Scattering. 
650 0 |a Wave mechanics. 
740 0 |a Electron-atom collisions. 
999 |a MARS 
999 f f |s 3c606939-0b12-3234-984b-66efa6ace42c  |i eb870a21-d85e-3225-a562-99f8d8426de9  |t 0 
952 f f |p normal  |a Texas A&M University  |b College Station  |c Sterling C. Evans Library  |d Evans: Library Stacks  |t 0  |e QC794 .D713  |h Library of Congress classification  |i unmediated -- volume  |m A14843294696 
998 f f |a QC794 .D713  |t 0  |l Evans: Library Stacks